00341pab a2200121 454500008004000000100001700040245007000057260000900127300001500136362001100151650002300162773003400185180718b1999 xxu||||| |||| 00| 0 eng d aDickie, Paul aRebooting South-East Asia: causes, effects and remedies of crisis c1999 ap.1257-263 a22 May aEconomic recession aEconomic and Political Weekly